| 000 | 00794cam a2200253 4500 | ||
|---|---|---|---|
| 008 | 090401t1995 xxu||||| |||| 00| 0 eng d | ||
| 020 | _a0117530379 | ||
| 035 | _a(Sirsi) u86509 | ||
| 041 | _aeng | ||
| 050 | _a711.558 | ||
| 110 |
_aUnited Kingdom _bDepartment of the Environment _9982 |
||
| 245 | _aPlanning policy guidance: green belts. | ||
| 250 | _aRevised ed. | ||
| 260 |
_aLondon _bHMSO _c1995 |
||
| 300 | _a(13)p. ; 30cm. | ||
| 350 | _a3.75 | ||
| 490 |
_aPPG _v2 |
||
| 650 | _aGREEN BELT | ||
| 650 | _aPLANNING POLICY GUIDANCE NOTE 2 (GREEN BELTS) | ||
| 690 | _aPLANNING LAW AND PRACTICE | ||
| 856 | 4 | 0 |
_uhttps://www.communities.gov.uk/documents/planningandbuilding/pdf/155499.pdf _zview the item free of charge at www.communities.gov.uk |
| 942 | _n0 | ||
| 948 | _c04/03/1997 | ||
| 999 |
_c97140 _d97140 |
||